Stavebná mechanika /

Guardado en:
Detalles Bibliográficos
Autores principales: Dický, Jozef, 1951- (Autor), Jendželovský, Norbert, 1958- (Autor)
Otros Autores: Melcer, Jozef (Revisador), Krištofovič, Vladimír (Revisador)
Formato: Libro
Lenguaje:eslovaco
Publicado: Bratislava: Vydavateľstvo STU, 2016
Edición:4. vyd.
Colección:Edícia vysokoškolských učebníc
Materias:
Etiquetas: Agregar Etiqueta
Sin Etiquetas, Sea el primero en etiquetar este registro!

MARC

LEADER 00000nam a22000003a 4500
001 0019905
003 SK-STU
005 20240130131416.1
007 ta
008 161214s ----xo-----e------000-0-----d
020 |a 978-80-227-4642-7 
040 |a STU  |b slo 
041 0 |a slo  |h slo 
044 |a xo 
100 1 |a Dický, Jozef,  |d 1951-  |u 010250  |4 aut  |r Z1  |U SvF Stavebná fakulta  |T SvF Katedra stavebnej mechaniky  |X 976  |U V250  |Y 26  |7 A000000976 
245 1 0 |a Stavebná mechanika /  |c aut. Jozef Dický, Norbert Jendželovský ; rec. Jozef Melcer, Vladimír Krištofovič 
250 |a 4. vyd. 
260 |a Bratislava:  |b Vydavateľstvo STU,  |c 2016 
300 |a 242 s. 
490 0 |a Edícia vysokoškolských učebníc 
650 0 7 |a stavebná mechanika 
700 1 |a Jendželovský, Norbert,  |d 1958-  |u 010250  |r Z1  |4 aut  |U SvF Stavebná fakulta  |T SvF Katedra stavebnej mechaniky  |X 880  |U V250  |Y 26  |7 A000000880 
700 1 |a Melcer, Jozef  |4 rev 
700 1 |a Krištofovič, Vladimír  |4 rev 
996 |b 284V040170  |c V* 52408/O-23565  |l VVT  |s A  |a 24  |w 0019905_0001 
996 |b 284V040183  |c V* 52409/O-23566  |l VVS  |s A  |a 24  |w 0019905_0002 
996 |b 284V040184  |c V* 52410/O-23567  |l VVS  |s A  |a 24  |w 0019905_0003 
996 |b 284V040185  |c V* 52411/O-23568  |l VVS  |s A  |a 24  |w 0019905_0004 
996 |b 284V040186  |c V* 52412/O-23569  |l VVS  |s A  |a 24  |w 0019905_0005 
996 |b 284V040187  |c V* 52413/O-23570  |l VVS  |s A  |a 24  |w 0019905_0006 
996 |b 284V040278  |c V* 52503/O-23660  |l VVS  |s A  |a 24  |w 0019905_0007 
996 |b 284V040279  |c V* 52504/O-23661  |l VVS  |s A  |a 24  |w 0019905_0008 
996 |b 284V040280  |c V* 52505/O-23662  |l VVS  |s A  |a 24  |w 0019905_0009 
996 |b 284V040281  |c V* 52506/O-23663  |l VVS  |s A  |a 24  |w 0019905_0010 
996 |b 284V040282  |c V* 52507/O-23664  |l VVS  |s A  |a 24  |w 0019905_0011